000 00152 a2200085 4500
041 _aspa
100 _aAnonimo
245 _aGuia Para Maestro
942 _cBK
999 _c15566
_d15566